1028 1801 1711 1534 1095 1798 1128 1686 1734 1609 1367 1630 1080 1307 1181 1840 1055 1959 1085 1187 1679 1046 1845 1548 1509 1142 1240 1859 1134 1200 1742 1526 1680 1565 1978 1946 1738 1464 1724 1161 1169 1108 1076 1730 1132 1526 1971 1672 1537 1416 1990 1170 1354 1309 1646 1310 1774 1223 1385 1060 1883 1392 1639 1504 1301 1690 1281 1017 1495 1713 1797 1957 1441 1421 1133 1343 1067 1870 1800 1883 1292 1390 1434 1208 1734 1070 1944 1101 1206 1210 1003 1356 1289 1778 1598 1189 1233 1464 1987 BCNSPRNW ULIB Ver.6.0+V

เปลี่ยนเป็นภาษาไทย

Change to English
 แสดงรายละเอียดบรรณานุกรม
  กลับหน้าหลัก

Brief Record : Get Marc (ISO 2709) : E-mail record : QR code < ปิดหน้าต่าง
LEADER : 00000nam 2200000uu 4500
001    13399114326
003     ULIB
008    110418s||||||||th 000 0 tha d
020    9786167283203
060 04 WD300^bป615ห
100 0  ปิติกานต์ บูรณาภาพ
245 00 หอบ หืด ภูมิแพ้ ดูแลเป็น ใช้ชีวิตอย่าง...มีสุข เสมือนคน...ไม่มีโรค=^bLiving Well with Asthma & Allergies /^cปิติกานต์ บูรณาภาพ
246 31 Living Well with Asthma & Allergies
260    กรุงเทพฯ :^bวิทยสถาน,^c2554
300    240 หน้า :^bภาพประกอบ
650  7 หอบ^xการรักษา
650  7 ภูมิแพ้^xการรักษา
650  7 หืด^xการรักษา
945    ^p180^l0^i031402
945    ^p180^l0^i031403
945    ^p180^l0^i031404
995    ทศพร
999 ^a ใช้งานได้ทุกระบบ
รายการนี้ยังไม่มีแท็ก
คุณยังไม่ได้ล็อกอิน คุณสามารถมีกิจกรรมร่วมกับเว็บไซต์ได้ แต่ต้องล็อกอินก่อน ::
  ล็อกอิน

รายการสื่อสารสนเทศ

ลำดับที่ ประเภท เลขเรียก/บาร์โค้ด สถานที่ สถานะ
1. วิทยาศาสตร์การแพทย์ และสุขภาพ
หนังสือสำรอง
สถานะ=หนังสือสำรอง
WD300 ป615ห ฉ.1 
  Barcode: 031402
ห้องสมุดวิทยาเขตสวรรค์ประชารักษ์
►ส่วนจัดเก็บหนังสือเก่า สปร
บนชั้น
  ขอยืม
2. วิทยาศาสตร์การแพทย์ และสุขภาพ
วิทยาศาสตร์การแพทย์ และสุขภาพ
WD300 ป615ห ฉ.2 
  Barcode: 031403
ห้องสมุดวิทยาเขตสวรรค์ประชารักษ์
►ส่วนจัดเก็บหนังสือเก่า สปร
บนชั้น
  ขอยืม
3. วิทยาศาสตร์การแพทย์ และสุขภาพ
วิทยาศาสตร์การแพทย์ และสุขภาพ
WD300 ป615ห ฉ.3 
  Barcode: 031404
ห้องสมุดวิทยาเขตสวรรค์ประชารักษ์
►ส่วนจัดเก็บหนังสือเก่า สปร
บนชั้น
  ขอยืม

รายการใกล้เคียง
    ผู้แต่ง [ปิติกานต์ บูรณาภาพ]

BibComment


ยังไม่เคยถูกคอมเมนท์

คอมเมนท์ทรัพยากรรายการนี้
  คอมเมนท์: หอบ หืด ภูมิแพ้ ด..


 Copyright 2026. Bcnsprnw @Library